Statistics for Capitals of Spanish Autonomous Communities (with map)

Click here to take the quiz!

General Stats

  • This quiz has been taken 39 times
  • The average score is 9 of 15

Answers on the Map

Answers color-coded by a green-red scale on the quiz's map according to % correct below.
Loading ...
 

Answer Stats

Autonomous communityCapital city% Correct
CataloniaBarcelona
96%
MadridMadrid
93%
Valencian CommunityValencia
93%
AndalusiaSeville
89%
AragonZaragoza
81%
MurciaMurcia
74%
Canary IslandsSanta Cruz de Tenerife / Las Palmas
70%
Balearic IslandsPalma de Mallorca
63%
CantabriaSantander
48%
NavarrePamplona
48%
AsturiasOviedo
41%
Castilla-La ManchaToledo
41%
GaliciaSantiago de Compostela
41%
ExtremaduraMérida
26%
La RiojaLogroño
22%

Score Distribution

Percentile by Number Answered

Percent of People with Each Score

Your Score History

You have not taken this quiz